| 000 | 00582nam a2200181 i 4500 | ||
|---|---|---|---|
| 001 | bg | ||
| 245 | 0 |
_aWodociągi i kanalizacja : _bmateriały pomocnicze do ćwiczeń projektowych. _nCz. 1, _pWodociągi / _c[Joanna Dolecka et al.] ; Politechnika Białostocka. |
|
| 260 |
_aBiałystok, _c1982. |
||
| 650 | 9 |
_aKanalizacja _xprojekty |
|
| 650 | 9 |
_aWodociągi _xprojekty |
|
| 655 | _aĆwiczenia i zadania dla szkół wyższych | ||
| 700 | 1 | _aDOLECKA, Joanna | |
| 040 | _cBPK | ||
| 041 | _apol | ||
| 080 | _a628.1/.3(076) | ||
| 942 | _cKS | ||
| 008 | s pl f |000 0 pol | ||
| 999 |
_c22056 _d22056 |
||
| 856 |
_uhttp://koha.tu.koszalin.pl/cgi-bin/koha/opac-detail.pl?biblionumber=22056 _yKatalog online BPK |
||